| 000 | 00881nam a22002537a 4500 | ||
|---|---|---|---|
| 003 | DO-SdBNP | ||
| 005 | 20240305102505.0 | ||
| 007 | ta | ||
| 008 | 210416e2020 pr ||||er|||| 00| edspa d | ||
| 020 | _a9789945608540 | ||
| 040 |
_aDO-SdBNP _bspa _cBNPHU |
||
| 041 | _hspa | ||
| 082 | 4 |
_aBNPHU _bI689e |
|
| 100 | 1 | 0 |
_aIrizarry Natal, Federico, _d1972- _924941 |
| 245 | 1 | 3 |
_aLa escritura del Gremlin : _bposmodernidad y minimalidad antipoética en tres poetas puertorriqueños: Salvador Villanueva, Eduardo Nieves Mieles &Jorge David Capiello. _cFederico Irizarry Natal |
| 260 |
_aSan Juan, Puerto Rico : _bIsla Negra , _c2020. |
||
| 300 |
_a279 p. ; _c22 cm. |
||
| 490 | 1 | _aVisiones y Cegueras | |
| 500 | _aIncluye datos biográficos del autor en las solapas | ||
| 590 | _aInventariado, 2021/Mf | ||
| 830 | 0 |
_nVisiones y cegueras _91120 |
|
| 910 | _aMfeliz | ||
| 942 |
_2ddc _cLBS1 |
||
| 999 |
_c49749 _d49749 |
||